| 000 | 00447cam a2200169ua 4500 | ||
|---|---|---|---|
| 020 | _c5.00 | ||
| 041 |
_aeng _h |
||
| 082 |
_a621.928 _bIND/GL |
||
| 100 | _aIndian Standard Institution, . | ||
| 245 | 0 | 0 | _aGlossary of terms relating to test sieves and test sieving,IS:5421-1981 |
| 260 |
_aNew Delhi : _bIndian Standards Institution , _c1982. |
||
| 300 | _a8 ; . | ||
| 365 | _a5.00 | ||
| 504 | _a | ||
| 942 | _cBK | ||
| 999 |
_c4579 _d4579 |
||